| 000 | 01092nam a22002777a 4500 | ||
|---|---|---|---|
| 003 | dpl | ||
| 005 | 2008091606556.0 | ||
| 008 | 080909t xxu||||| |||| 00| 0 eng d | ||
| 010 | _aENG-90985 | ||
| 020 |
_a9788178803647 _c650.00 |
||
| 035 | _aEN-74518 | ||
| 037 | _bDBAD / PUB | ||
| 040 |
_aDPL _bENGLISH _cDPL |
||
| 082 | _a379.1 | ||
| 100 | _aSengupta, Shibdas | ||
| 245 |
_aGrowth of educational participation / _cby Shibdas Sengupta |
||
| 260 |
_aNew Delhi _bRajat Publications _c2008 |
||
| 270 |
_a4675/21,Ansari Road, Darya Ganj, _bNew Delhi _e110002 |
||
| 300 |
_av, 274p. _c23cm (Hb) |
||
| 500 | _aIncludes bibliographical references and index | ||
| 650 |
_aEducation _xHistory _y20th century _zDeveloping countries |
||
| 650 |
_aEducation and state _zDeveloping countries |
||
| 650 |
_aEducational change _xGovernment policy _zDeveloping countries |
||
| 942 |
_2ddc _cEN _mSEN _h379.1 |
||
| 999 |
_c15419 _d15419 |
||